Nhận diện nền kinh tế mới toàn cầu hoá

Salvato in:
Dettagli Bibliografici
Autore principale: Trần Quốc Hùng
Natura: Libro
Pubblicazione: Nxb. Trẻ 2002
Tags: Aggiungi Tag
Nessun Tag, puoi essere il primo ad aggiungerne! !
Thư viện lưu trữ: Mạng thư viện Đại học Đà Nẵng
LEADER 00592nam a2200229 a 4500
001 000029875
003 13874
005 20171030145630.0
008 171030s2002
020 |c 22000 
040 |a LTT 
082 0 |a 382.9  |b TR-H 
100 1 |a Trần Quốc Hùng 
245 0 0 |a Nhận diện nền kinh tế mới toàn cầu hoá  |c Trần Quốc Hùng, Đỗ Tuyết Khanh. 
260 |b Nxb. Trẻ  |c 2002 
OWN |a LTT 
999 |a From the UDN01 
TYP |a Monograph 
TYP |a Printed language 
980 |a Mạng thư viện Đại học Đà Nẵng